|
|
|
|
| LEADER |
00988nam a2200277 a 4500 |
| 001 |
c000412426 |
| 003 |
CARM |
| 005 |
00000000000000.0 |
| 008 |
920129s1992 nyua b 001 0 eng |
| 019 |
1 |
|
|a 8875684
|
| 020 |
|
|
|a 0814459560
|
| 040 |
|
|
|a VDU
|c VDU
|
| 050 |
0 |
0 |
|a HF5681.A8
|b M38 1992
|
| 082 |
0 |
4 |
|a 657.72
|
| 100 |
1 |
|
|a McMeen, Albert R.,
|d 1942-
|
| 245 |
1 |
0 |
|a Debt repayment capacity :
|b cash flow forecasting for borrowers and lenders /
|c Albert R. McMeen, III.
|
| 260 |
|
|
|a New York :
|b Amacom,
|c c1992.
|
| 300 |
|
|
|a x, 326 p. :
|b ill. ;
|c 27 cm.
|
| 504 |
|
|
|a Includes bibliographical references (p. 317-320) and index.
|
| 650 |
|
0 |
|a Assets (Accounting)
|
| 650 |
|
0 |
|a Financial statements.
|
| 650 |
|
0 |
|a Credit.
|
| 650 |
|
0 |
|a Cash flow.
|
| 852 |
8 |
|
|b CARM
|h A3:AF28F0
|i C12735
|p 0586810
|f BK
|
| 999 |
f |
f |
|i bd36bc7b-5eda-5e23-8200-a942ec7a0690
|s efcfcd49-7f57-5d03-9c49-398c7107589d
|
| 952 |
f |
f |
|p Can circulate
|a CAVAL
|b CAVAL
|c CAVAL
|d CARM 1 Store
|e C12735
|f A3:AF28F0
|h Other scheme
|i book
|m 0586810
|